00588nam a2200205Ia 450000500170000000800410001702000150005808200190007310000140009210000140010624500630012025000080018326000360019130000110022765000130023865000150025194200060026695200950027299900150036720250106022914.0240331s9999 xx 000 0 und d a8185107068 bKAM21876a305 aBhasin, K aKhan, N S 0aSome Questions on Feminism and its Relevance in South Asia a2nd aNew DelhibKali for Womenc1986 a46 p., aFeminism aSouth Asia cL 001040708LaWERCLbWERCLcSSCd2024-03-31l0o 305 BHAp1876r2024-03-31w2024-03-31yL c1430d1430